000 00423nam a2200181Ia 4500
001 24879
005 20260414151113.0
008 260414t2013||||xx |||||||||||||| ||spa||
041 _aESP
082 _a346
_bO617 V. 20
110 _aObservatorio de Derecho Civil
245 0 _aActo jurídico
_b
260 _c2013
300 _a269 páginas :
_c24 cm.
650 _aDER
654 _aCDE
942 _cLIB
_dJUS
_fJUS
_2ddc
_n
999 _c24879
_d24879